00402 a2200121 450000500170000002000220001708200170003910000130005624500860006926000730015530000360022870000160026420250716162735.0 a978 9987 9539-2-9 a346.0446 BAK aBAKAR, B aBusiness Bankruptcy, Liquidation & Administration: Law and Accounting in Tanzania aDar Es SalaambThe National Board of Accountants and Auditorsc2012. axiii,427p.: ill.; figuresc23cm aLyanga John